00931 2200313 4500001002100000005001500021035002000036007000300056040001700059100003100076245012500107250001100232300003700243020002200280041000800302082001000310084001600320090001800336264003100354336002100385337003000406338002300436650001500459850001000474008004100484504002500525700004800550990001900598INLIS00000000000573920260426114057 a0010-0222000829ta aSBPUPADbInd0 aHerman PurnawanePengarang1 aUndang-Undang Perpajakan Tahun 2007 :bKetentuan Umum dan Tata Cara Perpajakan /cHerman Purnawan, Editor: Wibi Wardanii aCet.11 a254 hal. :bIllus. ;c21x28,3 cm a978-979-033-296-60 aInd a336.2 a336.2 HER u a332 HAR m 9-2 aJakarta :bErlangga,c2008 2rdacontentaTeks 2rdamediaaTanpa Perantara 2rdacarrieraVolume 4aPerpajakan aPUPAD260426 0  aBibliografi, hlm 2540 aPengarang ke-2: Eveline AngrianiePengarang a11863A/BR/2009